| 000 | 00667nam a22002057a 4500 | ||
|---|---|---|---|
| 003 | JO-AjAnu | ||
| 005 | 20240501130715.0 | ||
| 008 | 240501b jo ||||| |||| 00| 0 ara d | ||
| 020 | _a9786205517659 | ||
| 040 |
_aJO-AjAnu _beng _cJO-AjAnu _dJO-AjAnu _erda |
||
| 041 | 0 |
_aeng _heng |
|
| 050 |
_aS544 _b2022 |
||
| 100 | 1 |
_aJena, Pooja _eauthor _965414 |
|
| 245 | 0 |
_aTechno-Economic Empowerment of Farmers Through Digital Extension / _cPooja Jena , Manoher Saryam |
|
| 260 |
_bLAP LAMBERT Academic publishing, _c2022 |
||
| 300 | _a126 page | ||
| 650 | 7 | 0 |
_aAgricultural guidance _vAgricultural guidance _965415 |
| 700 | 1 |
_aSaryam, Manoher _965416 |
|
| 942 |
_2lcc _cBK _n0 |
||
| 999 |
_c33490 _d33490 |
||